Stav priamych zahraničných investícií v Košickom kraji

Problematika stavu priamych zahraničných investícií v košickom kraji. Definícia priamych zahraničných investícií. Motívy investovania do košického kraja a zmena stavu priamych zahraničných investícií v tomto kraji. Hodnotenie vývoja a stavu PZI v Košickom kraji.

Saved in:
Bibliographic Details
Main Author: Janičová, Daniela, 1989-
Other Authors: Kubíková, Zuzana
Format: Book Chapter
Language:Slovak
Subjects:
Tags: Add Tag
No Tags, Be the first to tag this record!

MARC

LEADER 00000nla a2200000 4500
001 0199249
005 20240502073352.5
041 0 |a slo 
044 |a SK 
245 1 0 |a Stav priamych zahraničných investícií v Košickom kraji 
520 |a Problematika stavu priamych zahraničných investícií v košickom kraji. Definícia priamych zahraničných investícií. Motívy investovania do košického kraja a zmena stavu priamych zahraničných investícií v tomto kraji. Hodnotenie vývoja a stavu PZI v Košickom kraji. 
610 2 0 |a Slovensko 
610 2 0 |a politika regionálna 
610 2 0 |a investície priame zahraničné 
610 2 0 |a stratégia investičná 
100 1 |a Janičová, Daniela, 1989- 
700 1 |a Kubíková, Zuzana